スーパーマリオオデッセイのボス - Statistics

General Stats
  • This quiz has been taken 76 times
  • The average score is 13 of 30
Answer Stats
戦う国 ボスの名前 % Correct
雲の国 クッパ
96%
月の国 クッパ
96%
都市の国 メカハナチャン
56%
キノコ王国 メカハナチャン
56%
森の国 メカフワフワさん
46%
キノコ王国 メカフワフワさん
46%
砂の国 アッチーニャ神
44%
奪われし国 ホロビアドラゴン
44%
キノコ王国 アッチーニャ神
44%
キノコ王国 ホロビアドラゴン
44%
帽子の国 トッパー
41%
湖の国 ランゴ
41%
雪の国 ランゴ
41%
料理の国 コック鳥
41%
クッパの国 トッパー
41%
キノコ王国 コック鳥
41%
月の国 裏 トッパー
41%
月の国 裏 ランゴ
41%
森の国 スプワート
39%
料理の国 スプワート
39%
月の国 裏 スプワート
39%
砂の国 ハリエット
37%
クッパの国 ハリエット
37%
月の国 裏 ハリエット
37%
月の国 マダムブルード
33%
海の国 ホーダン伯爵
30%
キノコ王国 ホーダン伯爵
30%
滝の国 マダム・ブルード
20%
クッパの国 メカブルード
19%
月の国 裏 メカブルード
19%
No matching quizzes found
Score Distribution
Percent of People with Each Score
Percentile by Number Answered
Your Score History
You have not taken this quiz